Normal view
MARC view
- Muhammad Nabeel Qazi Ahmed Dawood Muhammad Irfan Muhammad Naeem
Entry Personal Name
001 - CONTROL NUMBER
- control field: 103579
003 - CONTROL NUMBER IDENTIFIER
- control field: NUST
005 - DATE AND TIME OF LATEST TRANSACTION
- control field: 20221125104850.0
008 - FIXED-LENGTH DATA ELEMENTS
- fixed length control field: 221125|| aca||aabn | a|a d
040 ## - CATALOGING SOURCE
- Original cataloging agency: NUST
- Transcribing agency: NUST
100 ## - HEADING--PERSONAL NAME
- Personal name: Muhammad Nabeel Qazi Ahmed Dawood Muhammad Irfan Muhammad Naeem
670 ## - SOURCE DATA FOUND
- Source citation: Work cat.: (NUST): Muhammad Nabeel Qazi Ahmed Dawood Muhammad Irfan Muhammad Naeem , PR-SOF-2200-Design of Metal Detector for Military Applications, 2022.
